Esfera /

Zapisane w:
Opis bibliograficzny
Kolejni autorzy: Flores, Ernesto (dirección) (dirección), Figueroa Cornejo, Lorenzo (dirección) (dirección)
Format: Książka
Język:hiszpański
Wydane: Guadalajara, México : Universidad de Guadalajara, Departamento de Extensión Universitaria, 1977-1985
Etykiety: Dodaj etykietę
Nie ma etykietki, Dołącz pierwszą etykiete!

MARC

LEADER 00000nam^a2200000^a^4500
001 000561057
005 20250526000000.0
009 20260310131916.104
037 |a Acervo ITESO - Biblioteca 
041 |a ESP 
091 |a FHA. 02809 
245 0 0 |a Esfera / 
264 1 |a Guadalajara, México :  |b Universidad de Guadalajara, Departamento de Extensión Universitaria,  |c 1977-1985 
300 |a 2 v. (122 p.) ;  |c 26.5 cm. 
336 |a texto  |b txt  |2 rdacontenido 
337 |a sin mediación  |b n  |2 rdamedio 
338 |a volumen  |b nc  |2 rdasoporte 
515 |a Inventario familia Hartung: 1499, 1760 
649 |a XX 
700 |a Flores, Ernesto  |e (dirección) 
700 |a Figueroa Cornejo, Lorenzo  |e (dirección) 
910 |a Fondo Horst Hartung Franz 
920 |a Impresos - Libros 
930 |a Libros Antiguos y Raros 
905 |a 135 
901 |a 0500335269  |b IT2  |c LRA  |i D  |u 20250526 
901 |a 0500334632  |b IT2  |c LRA  |i D  |u 20250526 
902 |a https://opac.biblio.iteso.mx/vufind/Record/000561057